000 00518nam a2200181Ia 4500
001 17243
005 20260306170410.0
008 260306t2024||||xx |||||||||||||| ||und||
041 _aESP
082 _a657.61
_bD88
100 _aDomínguez Soto, Leenin Krenlin,
_eAUT
245 0 _aCálculos financieros para contadores ; Principales formas de financiamiento :
_bregistro según las NIIF
260 _c2024
300 _a56, 56 páginas :
_c24 cm.
650 _aGEN
654 _aCCO
942 _cLIB
_dJUS
_fJUS
_2ddc
_n
999 _c17243
_d17243